00389nam a22001097a 4500003000400000082001700004100002500021245016300046260004400209300000700253650001900260SGT a617.69bC25G aGupta, Ayesha Indira aComparative Evaluation of the stress distribution patterns in bone as affected by loading of implants in various osseous defectsbA 3D finite element analysis aGurugram, HaryanabSGT Universityc2025 a91 aProsthodontics